000 01149nam a22003257a 4500
001 BR6900597
003 BR-BrBNA
005 20230928083544.0
007 ta
008 230509b bl.||||| |||| 00| 0 por d
040 _aBR-BrBNA
_bpor
_cBiblioteca Nacional de Agricultura
041 _a(Por)
072 _aF00; F50
_b0430
_b/G514
090 _ 0430 BR6900597
100 1 _aMoreira, J.A.N. (Universidade Federal do Ceara, Fortaleza (Brazil))
110 1 _aEscola Superior de Agricultura Luiz de Queiroz, Piracicaba, SP (Brasil)
_0Tese (Magister Scientiae)
245 1 _aEstudo sobre as correlacoes de caracteres em algodao moco, Gossypium hirsutum Marie-Galante Hutch [Ceara, Brasil]
260 3 _aPiracicaba, SP (Brasil):
_c1969.
300 _a85 p.
500 _aSummary (Por); Bibliography p. 32-36 (54 ref.). (*) Documento disponível na(o) Universidade Federal do Ceara, Fortaleza (Brazil)
650 _aALGODAO MOCO
650 _aPROGENIE
650 _aFENOLOGIA
650 _aPRATICA CULTURAL
650 _aFENOTIPO
650 _aPRODUTIVIDADE
650 _aCEARA
909 _a202309
_bLucia
_c55
_dLucia Elande
942 _cBK
999 _c14146
_d14146